| 000 | 00748pam a2200205 a 4500 | ||
|---|---|---|---|
| 001 | 2372435 | ||
| 005 | 20250123163848.0 | ||
| 008 | 840719s1984 enk b 001 0 eng | ||
| 020 | _a0877849811 (U.S.) | ||
| 050 | 0 | 0 |
_aBR127 _b.A75 1984 |
| 082 | 0 | 0 |
_a261.2 _219 |
| 100 | 1 |
_aAnderson, J. N. D. _q(James Norman Dalrymple), _d1908-1994. |
|
| 245 | 1 | 0 |
_aChristianity and world religions : _bthe challenge of pluralism / _cSir Norman Anderson. |
| 260 |
_aLeicester, England ; _aDowners Grove, Ill., U.S.A. : _bInter-Varsity Press, _cc1984. |
||
| 300 |
_a216 p. ; _c21 cm. |
||
| 500 | _aRev. ed. of: Christianity and comparative religion. 1971, c1970. | ||
| 500 | _aIncludes indexes. | ||
| 650 | 0 | _aChristianity and other religions. | |
| 942 |
_2lcc _cBK _n0 |
||
| 999 |
_c2951 _d2951 |
||